000 01289nam a2200253Ia 4500
003 Ost
005 20260507075239.0
008 260507s9999||||xx |||||||||||||| ||und||
020 _a15222499579
040 _cfsecg
041 _aara
082 _a330
100 _aالزعبي، علي فلاح
_eمؤلف
245 0 _aبحوث التسويق :
_bمدخل منهجي -تطبيقي /
_c علي فلاح الزعبي
260 _aعمان:
_bدار صفاء,
_c2010
300 _a360 صفحة؛
_bإيضاحات ؛
_c24 سم
504 _aمراجع ص.357 ؛ ملاحق ص.289
520 _aبحوث التسويق : أسس و مفاهيم اولية، نظم المعلومات التسويقية ، بيئة البحوث التسويقية و أنواع هذه البحوث ، مصادر و طرق جمع البيانات ، العينات و أنواعها في البحوث التسويقية ، فن إعداد و تصميم البحوث التسويق ية ، القياس و أدواته في البحوث التسويقية ، بحوث التسويق الدولي ، بحوث الاعلانات.
653 _aإدارة الاعمال
653 _aأدارة المبيعات
653 _aالتسويق
653 _aبحوث التسويق
942 _cكتاب
999 _c43607
_d43607